000 01126nji a22002777a 4500
005 2010090407427.0
006 a|||||r|||||00| 0
007 sd ammalaaahaa
008 100830t xxu||||| |||| 00| 0 eng d
028 _aN 552803
_bHis Master's Voice
035 _aGR-00508
040 _aSED
_cSED
100 _917455
_aMukesh
245 _aPhir subah hogi /
_cby Mukesh [and] asha Bhosle ; lyrics by Saahir ; music by Khayyar
_h[sound recording] :
246 _aफिर सुबह होगी / मुकेश द्वारा
260 _aDum Dum, India
_bHis Master's Voice
_cn.d.
300 _a1 sound disc [Gramophone Recording]:
_banalog, 33 1/3 rpm
_c9.5 in. (MP)
_fGramophone Record
500 _aBrief Record
505 _aSide-1 वह सुबह कभी तो आईगी (Vah subah kabhi to ayigi) (Mukesh)
650 _aClassical music
_zIndia
_91186
_xExcerpts
700 _917416
_aBhosle, Asha
700 _917456
_aKhayyar
700 _918315
_aSaahir
942 _2ddc
_cGR
999 _c43787
_d43787